Color mixing recipes for landscapes : (Record no. 19299)

MARC details
000 -LEADER
fixed length control field 01168cam a2200337 i 4500
001 - CONTROL NUMBER
control field 18101722
003 - CONTROL NUMBER IDENTIFIER
control field EG-ScBUE
005 - DATE AND TIME OF LATEST TRANSACTION
control field 20230527091557.0
008 - FIXED-LENGTH DATA ELEMENTS--GENERAL INFORMATION
fixed length control field 140403t2012 caua f 001 0 eng d
020 ## - INTERNATIONAL STANDARD BOOK NUMBER
International Standard Book Number 9781600582660
020 ## - INTERNATIONAL STANDARD BOOK NUMBER
International Standard Book Number 1600582664
040 ## - CATALOGING SOURCE
Original cataloging agency JRG
Language of cataloging eng
Description conventions rda
Transcribing agency JRG
Modifying agency SNC
-- BTCTA
-- UKMGB
-- BDX
-- OCLCA
-- OCLCF
-- DLC
-- EG-ScBUE
082 04 - DEWEY DECIMAL CLASSIFICATION NUMBER
Classification number 751.422436
Item number POW
Edition number 22
100 1# - MAIN ENTRY--PERSONAL NAME
Personal name Powell, William F.
Titles and other words associated with a name (Artist)
Relator term author.
9 (RLIN) 37928
245 10 - TITLE STATEMENT
Title Color mixing recipes for landscapes :
Remainder of title mixing recipes for more than 500 color combinations /
Statement of responsibility, etc by William F. Powell.
264 #1 - PUBLICATION, DISTRIBUTION, ETC. (IMPRINT)
Place of publication, distribution, etc Irvine, United States :
Name of publisher, distributor, etc Walter Foster Publishing,
Date of publication, distribution, etc [2012]
264 #4 - PUBLICATION, DISTRIBUTION, ETC. (IMPRINT)
Date of publication, distribution, etc c2012
300 ## - PHYSICAL DESCRIPTION
Extent 47 pages :
Other physical details ill. (col.) ;
Dimensions 25 cm.
336 ## - CONTENT TYPE
Source rdacontent
Content type term text
Content type code txt
337 ## - MEDIA TYPE
Source rdamedia
Media type term unmediated
Media type code n
338 ## - CARRIER TYPE
Source rdacarrier
Carrier type term volume
Carrier type code nc
500 ## - GENERAL NOTE
General note Includes color mixing grid.
500 ## - GENERAL NOTE
General note Includes index.<br/>
650 #7 - SUBJECT ADDED ENTRY--TOPICAL TERM
Topical term or geographic name as entry element Color in art.
Source of heading or term BUEsh
9 (RLIN) 37973
650 #7 - SUBJECT ADDED ENTRY--TOPICAL TERM
Topical term or geographic name as entry element Landscape painting
General subdivision Technique.
Source of heading or term BUEsh
9 (RLIN) 37974
650 #7 - SUBJECT ADDED ENTRY--TOPICAL TERM
Topical term or geographic name as entry element Color guides.
Source of heading or term BUEsh
9 (RLIN) 37930
651 ## - SUBJECT ADDED ENTRY--GEOGRAPHIC NAME
Source of heading or term BUEsh
653 ## - INDEX TERM--UNCONTROLLED
Resource For college Communication and mass media
Arrived date list May2015
655 ## - INDEX TERM--GENRE/FORM
Form subdivision Reading book
942 ## - ADDED ENTRY ELEMENTS (KOHA)
Source of classification or shelving scheme Dewey Decimal Classification
Call number prefix 751.422436 POW
Koha item type Book - Borrowing
Holdings
Withdrawn status Lost status Source of classification or shelving scheme Damaged status Not for loan Collection code Home library Current library Shelving location Date acquired Source of acquisition Cost, normal purchase price Serial Enumeration / chronology Total Checkouts Total Renewals Full call number Barcode Date last seen Date checked out Cost, replacement price Price effective from Koha item type
    Dewey Decimal Classification     Alahram Central Library Central Library Second Floor 06/05/2015   67.00 436 1 4 751.422436 POW 000038179 15/07/2025 12/10/2023 83.75 06/05/2015 Book - Borrowing